[Event "Top16 Mulhouse2"]
[Site "Mulhouse"]
[Date "2009.05.01"]
[Round "5.8"]
[White "Milliet, Sophie"]
[Black "Assad, Karine"]
[Result "1-0"]
[WhiteElo "2379"]
[BlackElo "2037"]
[PlyCount "59"]
[EventDate "1.??.??"]
[WhiteTeam "Evry Grand Roque"]
[BlackTeam "Noyon"]

1. e4 e6 2. d4 d5 3. Nc3 Nf6 4. e5 Nfd7 5. f4 c5 6. Nf3 Nc6 7. Be3 a6 8. Qd2 b5
9. Be2 Bb7 10. O-O Qc7 11. Nd1 cxd4 12. Nxd4 Nc5 13. c3 O-O-O 14. Nf2 Kb8 15.
b3 f6 16. a4 bxa4 17. b4 Nb3 18. Nxb3 axb3 19. Bxa6 d4 20. cxd4 Bxa6 21. Rxa6
Nxb4 22. Ra4 Qc4 23. Nd3 Rxd4 24. Bxd4 Qxd4+ 25. Kh1 Bc5 26. Rxb4+ Bxb4 27.
Qxb4+ Qxb4 28. Nxb4 Rc8 29. Rb1 b2 30. Nd3 1-0

[Event "Top16 Mulhouse2"]
[Site "Mulhouse"]
[Date "2009.05.01"]
[Round "5.1"]
[White "David, Alberto"]
[Black "Komarov, Dimitri"]
[Result "1/2-1/2"]
[WhiteElo "2587"]
[BlackElo "2530"]
[PlyCount "60"]
[EventDate "1.??.??"]
[WhiteTeam "Lutèce Echecs"]
[BlackTeam "Drancy"]

1. e4 c5 2. Nf3 Nc6 3. Bb5 g6 4. Bxc6 dxc6 5. d3 Bg7 6. h3 Nh6 7. O-O b6 8. Bf4
Bxb2 9. Bxh6 Bxa1 10. c3 Ba6 11. Qc1 f6 12. Rd1 Qc7 13. Qa3 Qb7 14. Nbd2 O-O-O
15. Rxa1 Rxd3 16. Be3 g5 17. Rb1 Rhd8 18. Bxc5 Rxd2 19. Nxd2 Rxd2 20. Bxe7 Bc4
21. Bxf6 c5 22. Qc1 Qxe4 23. Qxd2 Qxb1+ 24. Kh2 Qxa2 25. Qd8+ Kb7 26. Qd7+ Ka6
27. Bxg5 Qc2 28. Be3 Qxc3 29. Qa4+ Kb7 30. Qd7+ Ka6 1/2-1/2

[Event "Top16 Mulhouse2"]
[Site "Mulhouse"]
[Date "2009.05.01"]
[Round "5.5"]
[White "Babault, Patrice"]
[Black "Berthelot, Yannick"]
[Result "1-0"]
[WhiteElo "2348"]
[BlackElo "2324"]
[PlyCount "48"]
[EventDate "1.??.??"]
[WhiteTeam "Lutèce Echecs"]
[BlackTeam "Drancy"]

1. e4 c5 2. Nf3 Nc6 3. d4 cxd4 4. Nxd4 Nf6 5. Nc3 d6 6. f3 e5 7. Nb3 Be7 8. Be3
O-O 9. Qd2 a5 10. Bc4 Na7 11. Be2 Bd7 12. a4 Nc6 13. Nd5 Nxd5 14. exd5 Nb4 15.
c3 Na6 16. Bb5 b6 17. Qc2 Nc5 18. Nd2 Bh4+ 19. g3 Bg5 20. Bxg5 Qxg5 21. Bxd7
Nxd7 22. O-O Nc5 23. Nc4 Qd8 24. Rfd1 Qc7 {Partie Illisible} 1-0

[Event "Top16 Mulhouse2"]
[Site "Mulhouse"]
[Date "2009.05.01"]
[Round "5.7"]
[White "Wunderman, Xavier"]
[Black "Giffard, Nicolas"]
[Result "0-1"]
[WhiteElo "2215"]
[BlackElo "2377"]
[PlyCount "96"]
[EventDate "1.??.??"]
[WhiteTeam "Lutèce Echecs"]
[BlackTeam "Drancy"]

1. e4 c6 2. d4 d5 3. f3 e6 4. Nc3 b6 5. Bd3 Ba6 6. Nge2 Bxd3 7. Qxd3 Bb4 8. Bf4
Ne7 9. O-O-O Bxc3 10. Nxc3 O-O 11. h4 b5 12. h5 a5 13. Rh3 Nd7 14. Rg3 Kh8 15.
Re1 Re8 16. Qe3 Ng8 17. Ne2 Nf8 18. Rh1 b4 19. Bg5 f6 20. Bh4 e5 21. dxe5 Rxe5
22. Nf4 dxe4 23. fxe4 Qe7 24. Qb3 Rxe4 25. Rf3 a4 26. Qd3 a3 27. Ng6+ Nxg6 28.
hxg6 Rxh4 29. Rxh4 Qe1+ 30. Qd1 Qxh4 31. gxh7 Ne7 32. bxa3 Nd5 33. axb4 Qxb4
34. Rb3 Rxa2 35. Rxb4 Ra1+ 36. Rb1 Rxb1+ 37. Kxb1 Nc3+ 38. Kc1 Nxd1 39. Kxd1
Kxh7 40. Kd2 f5 41. Ke3 g5 42. Kd4 f4 43. Ke4 Kg6 44. c3 Kf6 45. c4 Ke6 46. Kd4
Kf5 47. Kc5 g4 48. Kd4 g3 0-1

[Event "Top16 Mulhouse2"]
[Site "Mulhouse"]
[Date "2009.05.01"]
[Round "5.3"]
[White "Degraeve, Jean-Marc"]
[Black "Le Roy, Brice"]
[Result "1/2-1/2"]
[WhiteElo "2558"]
[BlackElo "2307"]
[PlyCount "80"]
[EventDate "1.??.??"]
[WhiteTeam "Marseille Echecs"]
[BlackTeam "Bois-Colombes"]

1. e4 Nf6 2. e5 Nd5 3. d4 d6 4. Nf3 Nc6 5. c4 Nb6 6. exd6 exd6 7. h3 Be7 8. Be2
O-O 9. Nc3 Bf5 10. O-O Re8 11. Bf4 Bf6 12. Rc1 a6 13. Re1 Nb4 14. Be3 d5 15. a3
Nc6 16. cxd5 Nxd5 17. Nxd5 Qxd5 18. Rc5 Qd7 19. Qc1 Be4 20. Rd1 Rad8 21. d5 Ne5
22. Rxc7 Qf5 23. Nxe5 Bxe5 24. Rxb7 Bxd5 25. Rb4 a5 26. Rb5 Rc8 27. Rc5 Bb3 28.
Bg4 Rxc5 29. Bxc5 Qf4 30. Qxf4 Bxf4 31. Rf1 f6 32. Bd4 Bd2 33. Bc3 Rd8 34. Rb1
Kf7 35. Bd1 Ba2 36. Ra1 Be6 37. Bxd2 Rxd2 38. b4 axb4 39. axb4 Rb2 40. Bh5+ g6
1/2-1/2

[Event "Top16 Mulhouse2"]
[Site "Mulhouse"]
[Date "2009.05.01"]
[Round "5.5"]
[White "Jedynak, Radoslaw"]
[Black "Landenbergue, Claude"]
[Result "1/2-1/2"]
[WhiteElo "2497"]
[BlackElo "2410"]
[PlyCount "30"]
[EventDate "1.??.??"]
[WhiteTeam "Marseille Echecs"]
[BlackTeam "Bois-Colombes"]

1. d4 Nf6 2. c4 e6 3. Nc3 Bb4 4. Qc2 d5 5. cxd5 Qxd5 6. Nf3 c5 7. Bd2 Bxc3 8.
Bxc3 Nc6 9. e3 O-O 10. dxc5 Qxc5 11. Bd3 Nb4 12. Bxb4 Qxb4+ 13. Qd2 Qe7 14. O-O
e5 15. Be2 Bg4 1/2-1/2

[Event "Top16 Mulhouse2"]
[Site "Mulhouse"]
[Date "2009.05.01"]
[Round "5.6"]
[White "Guichard, Pauline"]
[Black "Marzolo, Cyril"]
[Result "1/2-1/2"]
[WhiteElo "2257"]
[BlackElo "2476"]
[PlyCount "46"]
[EventDate "1.??.??"]
[WhiteTeam "Bois-Colombes"]
[BlackTeam "Marseille Echecs"]

1. d4 Nf6 2. c4 c5 3. d5 e6 4. Nc3 exd5 5. cxd5 d6 6. e4 g6 7. h3 Bg7 8. Nf3 a6
9. a4 Nbd7 10. Bd3 Nh5 11. O-O Ne5 12. Be2 Nxf3+ 13. Bxf3 Qh4 14. Bxh5 gxh5 15.
Ne2 Rg8 16. Ra3 Be5 17. Qd3 c4 18. Qe3 c3 19. Rxc3 Bxc3 20. bxc3 Qxh3 21. Nf4
Qxe3 22. Bxe3 h4 23. Rb1 Bg4 1/2-1/2

[Event "Top16 Mulhouse2"]
[Site "Mulhouse"]
[Date "2009.05.01"]
[Round "5.7"]
[White "Gozzoli, Yannick"]
[Black "Derieux, Christian"]
[Result "1/2-1/2"]
[WhiteElo "2499"]
[BlackElo "2144"]
[PlyCount "104"]
[EventDate "1.??.??"]
[WhiteTeam "Marseille Echecs"]
[BlackTeam "Bois-Colombes"]

1. e4 c5 2. Ne2 d6 3. g3 Nc6 4. Bg2 g6 5. c3 Bg7 6. O-O e5 7. Na3 Nge7 8. Nc4
Be6 9. Ne3 d5 10. exd5 Nxd5 11. d3 Qd7 12. f4 Nxe3 13. Bxe3 Bd5 14. Bxd5 Qxd5
15. c4 Qd6 16. f5 gxf5 17. Rxf5 Rd8 18. Nc3 Qxd3 19. Qxd3 Rxd3 20. Bxc5 b6 21.
Bf2 Ne7 22. Rg5 O-O 23. c5 Rb8 24. cxb6 axb6 25. Re1 Ng6 26. Rg4 f5 27. Rg5 Rf8
28. g4 Nf4 29. Rxf5 Rxf5 30. gxf5 Rd2 31. Bg3 Rxb2 32. Rd1 Rc2 33. Rd8+ Bf8 34.
Nd5 Ne2+ 35. Kf1 Nxg3+ 36. hxg3 Rxa2 37. Rd7 Bc5 38. Nf6+ Kf8 39. Nxh7+ Ke8 40.
Nf6+ Kf8 41. Ne4 Ra4 42. Nxc5 bxc5 43. Rd5 Kf7 44. Rxe5 Kf6 45. Rxc5 Rg4 46.
Kg2 Kg5 47. Kf3 Ra4 48. Rd5 Rb4 49. Ke3 Ra4 50. Re5 Rb4 51. Rd5 Ra4 52. Rd4
Rxd4 1/2-1/2

[Event "Top16 Mulhouse2"]
[Site "Mulhouse"]
[Date "2009.05.01"]
[Round "5.8"]
[White "Stenel, Vincent"]
[Black "Delorme, Laurie"]
[Result "0-1"]
[WhiteElo "2103"]
[BlackElo "2177"]
[PlyCount "68"]
[EventDate "1.??.??"]
[WhiteTeam "Bois-Colombes"]
[BlackTeam "Marseille Echecs"]

1. e4 e5 2. Nf3 Nc6 3. Bc4 Nf6 4. Ng5 d5 5. exd5 Na5 6. Bb5+ c6 7. dxc6 bxc6 8.
Be2 h6 9. Nf3 e4 10. Ng1 Bc5 11. d4 exd3 12. Qxd3 Qb6 13. Qg3 Be6 14. Nc3 O-O
15. a3 Nc4 16. Nh3 g5 17. O-O Bd6 18. Na4 Qc7 19. f4 Ne4 20. Qe1 Rae8 21. Kh1
g4 22. Nf2 Nf6 23. b3 Nb6 24. Nxb6 axb6 25. Bb2 Nd5 26. Nd3 Ne3 27. Ne5 Nxf1
28. Qxf1 h5 29. b4 f6 30. Nd3 Qf7 31. c4 Bxc4 32. Rc1 Re4 33. a4 Rfe8 34. Rxc4
Qxc4 0-1

[Event "Top16 Mulhouse2"]
[Site "Mulhouse"]
[Date "2009.05.02"]
[Round "6.4"]
[White "Fressinet, Laurent"]
[Black "Jussupow, Artur"]
[Result "1-0"]
[WhiteElo "2664"]
[BlackElo "2576"]
[PlyCount "85"]
[EventDate "2.??.??"]
[WhiteTeam "Clichy"]
[BlackTeam "Evry Grand Roque"]

1. d4 Nf6 2. Nf3 e6 3. c4 Bb4+ 4. Nbd2 b6 5. a3 Bxd2+ 6. Qxd2 Bb7 7. e3 O-O 8.
Be2 Ne4 9. Qc2 f5 10. O-O a5 11. b3 d6 12. d5 e5 13. Nd2 Nxd2 14. Bxd2 c6 15.
f4 Nd7 16. fxe5 Nxe5 17. dxc6 Bxc6 18. Rxf5 Qh4 19. Raf1 Be4 20. Rxf8+ Rxf8 21.
Rxf8+ Kxf8 22. Qd1 Qg5 23. Qf1+ Ke7 24. Qf2 Nd3 25. Qg3 Qxg3 26. hxg3 g5 27.
Bc3 Bf5 28. Bd4 Nc5 29. b4 axb4 30. axb4 Nd3 31. Bc3 g4 32. e4 Nc1 33. Bf1 Bxe4
34. Kf2 Kd7 35. Ke3 Bf5 36. Bb2 Na2 37. b5 Nb4 38. Bc3 Nc2+ 39. Kd2 Na3 40. Bb2
Nb1+ 41. Ke3 d5 42. cxd5 Kd6 43. Bd3 1-0

[Event "Top16 Mulhouse2"]
[Site "Mulhouse"]
[Date "2009.05.02"]
[Round "6.6"]
[White "Edouard, Romain"]
[Black "Feller, Sebastien"]
[Result "0-1"]
[WhiteElo "2594"]
[BlackElo "2539"]
[PlyCount "162"]
[EventDate "2.??.??"]
[WhiteTeam "Clichy"]
[BlackTeam "Evry Grand Roque"]

1. e4 e5 2. Nf3 Nc6 3. Bb5 Nf6 4. d3 d6 5. O-O Bd7 6. c3 g6 7. Nbd2 Bg7 8. Re1
O-O 9. Nf1 Re8 10. Ng3 h6 11. d4 Nxd4 12. Nxd4 exd4 13. Bxd7 Nxd7 14. cxd4 c5
15. Be3 h5 16. f3 Rc8 17. Qd2 cxd4 18. Bxd4 Ne5 19. b3 h4 20. Ne2 h3 21. f4 Bh6
22. Qe3 hxg2 23. Qh3 Qh4 24. Qxh4 Nf3+ 25. Kf2 Nxh4 26. Bf6 Rxe4 27. Bxh4 Rc2
28. Bg3 g1=Q+ 29. Kxg1 Rexe2 30. Rxe2 Rxe2 31. Rd1 Bf8 32. a4 Re3 33. Rb1 Rc3
34. Be1 Rc8 35. Rd1 f5 36. Bb4 Kf7 37. Rd3 Rc6 38. Kf2 Be7 39. Bc3 a6 40. Ke2
d5 41. Rh3 Bd6 42. Bd2 Bf8 43. Bc3 Bg7 44. Bxg7 Kxg7 45. Rd3 Rc2+ 46. Kd1 Rxh2
47. Rxd5 Kh6 48. Rd4 Kh5 49. Rb4 Kg4 50. Rb6 Rh6 51. Rxb7 Kxf4 52. Rb6 a5 53.
Ra6 Kg3 54. Rxa5 Rh2 55. Rc5 Ra2 56. Rc3+ Kg4 57. Rc2 Ra1+ 58. Rc1 Ra2 59. Rc2
Ra3 60. Rg2+ Kh5 61. Rh2+ Kg5 62. Rg2+ Kf6 63. Rb2 Kg5 64. Rg2+ Kf6 65. Rb2 Ke5
66. Kc2 f4 67. b4 f3 68. Kd2 Kf4 69. b5 f2 70. Rb1 Rb3 71. Rxb3 f1=Q 72. b6 Qc4
73. Rb2 Qxa4 74. b7 Qd7+ 75. Kc3 Qc7+ 76. Kd3 Qd6+ 77. Kc4 Qb8 78. Rb6 g5 79.
Kb4 g4 80. Kb5 g3 81. Rf6+ Ke5 0-1

[Event "Top16 Mulhouse2"]
[Site "Mulhouse"]
[Date "2009.05.02"]
[Round "6.7"]
[White "Milliet, Sophie"]
[Black "Tregubov, Pavel V"]
[Result "1/2-1/2"]
[WhiteElo "2379"]
[BlackElo "2628"]
[PlyCount "79"]
[EventDate "2.??.??"]
[WhiteTeam "Evry Grand Roque"]
[BlackTeam "Clichy"]

1. e4 c5 2. Nf3 Nc6 3. c3 Nf6 4. e5 Nd5 5. d4 cxd4 6. Bc4 Nb6 7. Bb3 d5 8. exd6
Qxd6 9. O-O Be6 10. Na3 dxc3 11. Qe2 Bxb3 12. Nb5 Qb8 13. axb3 e5 14. Nbd4 f6
15. bxc3 Qc8 16. Rd1 Be7 17. Nb5 O-O 18. Be3 Rd8 19. Nxa7 Rxa7 20. Rxa7 Nxa7
21. Bxb6 Rxd1+ 22. Qxd1 Nc6 23. Qd5+ Kf8 24. h3 Nb8 25. Qa5 Nd7 26. Nd2 Qc6 27.
Be3 Kf7 28. Nc4 b5 29. Nb6 Bd8 30. Qa7 Bxb6 31. Bxb6 Kg6 32. Be3 f5 33. g3 h5
34. h4 Qd5 35. Bg5 Nc5 36. Qe7 Qc6 37. Qxe5 Nxb3 38. Be3 Qd7 39. Kh2 Na5 40.
Bf4 1/2-1/2

[Event "Top16 Mulhouse2"]
[Site "Mulhouse"]
[Date "2009.05.02"]
[Round "6.8"]
[White "Skripchenko, Almira"]
[Black "Chabanon, Jean-Luc"]
[Result "1/2-1/2"]
[WhiteElo "2449"]
[BlackElo "2454"]
[PlyCount "23"]
[EventDate "2.??.??"]
[WhiteTeam "Clichy"]
[BlackTeam "Evry Grand Roque"]

1. e4 e6 2. d4 d5 3. exd5 exd5 4. Nf3 Nf6 5. Bg5 Bd6 6. Bd3 O-O 7. O-O Be6 8.
c3 Nbd7 9. Qc2 h6 10. Bh4 c6 11. Nbd2 Qc7 12. Rfe1 1/2-1/2

[Event "Top16 Mulhouse2"]
[Site "Mulhouse"]
[Date "2009.05.02"]
[Round "6.1"]
[White "Wojtaszek, Radoslaw"]
[Black "Adla, Diego"]
[Result "1/2-1/2"]
[WhiteElo "2630"]
[BlackElo "2508"]
[PlyCount "64"]
[EventDate "2.??.??"]
[WhiteTeam "Mulhouse Philidor"]
[BlackTeam "Noyon"]

1. d4 d5 2. c4 c6 3. Nf3 Nf6 4. Qc2 e6 5. Bg5 dxc4 6. Qxc4 b5 7. Qc2 Bb7 8. e3
Nbd7 9. Be2 a6 10. a4 Be7 11. O-O O-O 12. Nbd2 Rc8 13. Bxf6 gxf6 14. Qe4 Kh8
15. Nb3 Rg8 16. Rfc1 f5 17. Qd3 c5 18. axb5 Bxf3 19. Bxf3 Ne5 20. Qd1 Nxf3+ 21.
Qxf3 c4 22. Nd2 axb5 23. Ra7 Rc7 24. Ra6 Qd7 25. g3 Rgc8 26. Qf4 Qd5 27. Nf3 b4
28. Ng5 Kg7 29. e4 Qxd4 30. Rxe6 Bxg5 31. Qxg5+ Kh8 32. Rh6 Qg7 1/2-1/2

[Event "Top16 Mulhouse2"]
[Site "Mulhouse"]
[Date "2009.05.02"]
[Round "6.4"]
[White "Nguyen, Chi-Minh"]
[Black "Vovk, Yuri"]
[Result "0-1"]
[WhiteElo "2439"]
[BlackElo "2575"]
[PlyCount "67"]
[EventDate "2.??.??"]
[WhiteTeam "Noyon"]
[BlackTeam "Mulhouse Philidor"]

1. d4 Nf6 2. c4 g6 3. Nc3 Bg7 4. e4 d6 5. f4 c5 6. d5 O-O 7. Nf3 e6 8. Be2 exd5
9. cxd5 Bg4 10. O-O Nbd7 11. h3 Bxf3 12. Bxf3 Ne8 13. Be3 Rb8 14. Qa4 a6 15.
Rab1 b5 16. Qc2 Nb6 17. b3 b4 18. Na4 Nc7 19. Nxb6 Rxb6 20. e5 Nb5 21. Rfe1
dxe5 22. Bxc5 exf4 23. Re4 Qc7 24. Qf2 Rbb8 25. Bxb4 Rfe8 26. Rc4 Qe5 27. Bc5
Rbc8 28. b4 h6 29. Kh1 Nd6 30. Bxd6 Qxd6 31. Rc5 Rcd8 32. a3 Re3 33. Rc6 Qd7
34. Qh4 {illisible 0-1 53eme} 0-1

[Event "Top16 Mulhouse2"]
[Site "Mulhouse"]
[Date "2009.05.02"]
[Round "6.5"]
[White "Abergel, Thal"]
[Black "Housieaux, David"]
[Result "1-0"]
[WhiteElo "2497"]
[BlackElo "2420"]
[PlyCount "85"]
[EventDate "2.??.??"]
[WhiteTeam "Mulhouse Philidor"]
[BlackTeam "Noyon"]

1. e4 c6 2. Ne2 d5 3. e5 d4 4. b4 a5 5. Bb2 d3 6. Nf4 dxc2 7. Qxc2 e6 8. b5 Ne7
9. Nc3 Ng6 10. Nh5 Nd7 11. Be2 Ndxe5 12. O-O f5 13. Kh1 Qh4 14. bxc6 bxc6 15.
f4 Ng4 16. Bxg4 Qxg4 17. Ne4 fxe4 18. Qxc6+ Kf7 19. Qxa8 Be7 20. Qxa5 Rd8 21.
Ng3 Nh4 22. Bc3 Rd5 23. Qc7 Bd7 24. Rae1 Bb5 25. Rf2 e3 26. dxe3 Rc5 27. Qxe7+
Kxe7 28. Bb4 Ke8 29. Bxc5 h5 30. e4 Ng6 31. f5 Ne5 32. fxe6 Qxe6 33. Nxh5 Qh6
34. Rd1 Nd3 35. Rf8+ Kd7 36. Nf4 Kc6 37. Nxd3 Bxd3 38. Rxd3 Kxc5 39. Rc8+ Kb6
40. Rb3+ Ka7 41. Rc7+ Ka6 42. Rc4 Ka5 43. Rc8 1-0

[Event "Top16 Mulhouse2"]
[Site "Mulhouse"]
[Date "2009.05.02"]
[Round "6.7"]
[White "Fargere, Francois"]
[Black "Clery, Nicolas"]
[Result "1-0"]
[WhiteElo "2459"]
[BlackElo "2389"]
[PlyCount "57"]
[EventDate "2.??.??"]
[WhiteTeam "Mulhouse Philidor"]
[BlackTeam "Noyon"]

1. e4 e6 2. d4 d5 3. Nd2 Nf6 4. e5 Nfd7 5. Bd3 c5 6. c3 Nc6 7. Ne2 cxd4 8. cxd4
f6 9. exf6 Nxf6 10. O-O Bd6 11. Nf3 Qc7 12. Bg5 O-O 13. Bh4 Nh5 14. Qc2 h6 15.
Bh7+ Kh8 16. Bg6 Nf4 17. Nxf4 Bxf4 18. Rad1 Bd7 19. Rfe1 Rac8 20. Qe2 a6 21.
Bb1 Be8 22. Qxe6 Bh5 23. Qxd5 Bxf3 24. gxf3 Bxh2+ 25. Kg2 g5 26. Re6 Qg7 27.
Kxh2 Rfd8 28. Qe4 gxh4 29. Rg1 1-0

[Event "Top16 Mulhouse2"]
[Site "Mulhouse"]
[Date "2009.05.02"]
[Round "6.8"]
[White "Assad, Karine"]
[Black "Muller, Anne"]
[Result "1/2-1/2"]
[WhiteElo "2037"]
[BlackElo "2163"]
[PlyCount "71"]
[EventDate "2.??.??"]
[WhiteTeam "Noyon"]
[BlackTeam "Mulhouse Philidor"]

1. d4 Nf6 2. c4 e6 3. Nf3 Bb4+ 4. Bd2 Qe7 5. g3 Nc6 6. Nc3 Bxc3 7. Bxc3 Ne4 8.
Rc1 d6 9. Bg2 Nxc3 10. Rxc3 e5 11. d5 Nb8 12. b4 O-O 13. O-O Bg4 14. Qc2 Na6
15. a3 f5 16. e4 f4 17. Ne1 h5 18. h3 Bd7 19. Nd3 g5 20. Qe2 Rf7 21. g4 Rh7 22.
f3 Rf8 23. Rf2 Qf6 24. Kf1 Nb8 25. Nb2 c6 26. Ke1 Rc8 27. Qc2 Be8 28. Rd2 Rhc7
29. Qd3 Rd8 30. Rdc2 Bf7 31. Qd2 Rdc8 32. Bf1 Qh6 33. Nd1 Kg7 34. Qf2 b6 35.
Rc1 Qf6 36. R1c2 1/2-1/2

[Event "Top16 Mulhouse2"]
[Site "Mulhouse"]
[Date "2009.05.02"]
[Round "6.1"]
[White "Todorov, Todor"]
[Black "Delchev, Aleksander"]
[Result "0-1"]
[WhiteElo "2503"]
[BlackElo "2648"]
[PlyCount "34"]
[EventDate "2.??.??"]
[WhiteTeam "Drancy"]
[BlackTeam "Marseille Echecs"]

1. e4 e5 2. Nc3 Nf6 3. g3 Bc5 4. Bg2 Nc6 5. Nf3 d6 6. h3 a6 7. d3 h6 8. Be3
Bxe3 9. fxe3 Ne7 10. Qd2 Ng6 11. O-O-O Be6 12. Qe1 Qe7 13. d4 c6 14. g4 exd4
15. exd4 d5 16. e5 Nd7 17. Qg3 Nb6 0-1

[Event "Top16 Mulhouse2"]
[Site "Mulhouse"]
[Date "2009.05.02"]
[Round "6.3"]
[White "Legky, Nikolay A"]
[Black "Jedynak, Radoslaw"]
[Result "1/2-1/2"]
[WhiteElo "2468"]
[BlackElo "2497"]
[PlyCount "65"]
[EventDate "2.??.??"]
[WhiteTeam "Drancy"]
[BlackTeam "Marseille Echecs"]

1. d4 d5 2. c4 e6 3. Nc3 c5 4. cxd5 exd5 5. Nf3 Nc6 6. g3 Nf6 7. Bg2 Be7 8. O-O
O-O 9. dxc5 Bxc5 10. Bg5 d4 11. Bxf6 Qxf6 12. Nd5 Qd8 13. Nd2 Re8 14. Rc1 Bf8
15. Nb3 Bg4 16. Re1 Re5 17. Nf4 Bb4 18. Nd2 Rc8 19. Nd3 Rb5 20. a3 Bf8 21. b4
Ne5 22. Nb3 Nc4 23. Nbc5 Nb2 24. Nxb2 Bxc5 25. Nd3 Bf8 26. Qd2 a5 27. Rxc8 Bxc8
28. Qc1 axb4 29. axb4 g6 30. Qf4 Be6 31. Rc1 Bg7 32. Qc7 Qxc7 33. Rxc7 1/2-1/2

[Event "Top16 Mulhouse2"]
[Site "Mulhouse"]
[Date "2009.05.02"]
[Round "6.4"]
[White "Nataf, Igor-Alexandre"]
[Black "Lazarev, Vladimir"]
[Result "1/2-1/2"]
[WhiteElo "2533"]
[BlackElo "2479"]
[PlyCount "38"]
[EventDate "2.??.??"]
[WhiteTeam "Marseille Echecs"]
[BlackTeam "Drancy"]

1. e4 c5 2. Nf3 Nc6 3. d4 cxd4 4. Nxd4 Qc7 5. Nc3 e6 6. Be2 a6 7. O-O Nf6 8.
Be3 Be7 9. f4 d6 10. a4 O-O 11. Kh1 Re8 12. Bd3 Nb4 13. a5 Bd7 14. Nb3 Bc6 15.
Bb6 Qd7 16. Bd4 Nxd3 17. cxd3 Rac8 18. e5 Nd5 19. Ne4 f5 1/2-1/2

[Event "Top16 Mulhouse2"]
[Site "Mulhouse"]
[Date "2009.05.02"]
[Round "6.5"]
[White "Berthelot, Yannick"]
[Black "Gozzoli, Yannick"]
[Result "0-1"]
[WhiteElo "2324"]
[BlackElo "2499"]
[PlyCount "49"]
[EventDate "2.??.??"]
[WhiteTeam "Drancy"]
[BlackTeam "Marseille Echecs"]

1. e4 e5 2. Nf3 Nc6 3. d4 exd4 4. Nxd4 Bc5 5. Be3 Qf6 6. c3 Nge7 7. Qd2 Bxd4 8.
cxd4 d5 9. Nc3 O-O 10. Nxd5 Nxd5 11. exd5 Ne7 12. Bc4 Qf5 13. d6 cxd6 14. d5
Qg6 15. O-O Nf5 16. Bf4 Nh4 17. Bg3 Nxg2 18. Kxg2 Qe4+ 19. f3 Qxc4 20. Bxd6 Rd8
21. Rfe1 Qb5 22. a4 Qd7 23. Bg3 Qxd5 24. Qxd5 Rxd5 25. Red1 0-1

[Event "Top16 Mulhouse2"]
[Site "Mulhouse"]
[Date "2009.05.02"]
[Round "6.6"]
[White "Degraeve, Jean-Marc"]
[Black "Karr, Jean-Philippe"]
[Result "1-0"]
[WhiteElo "2558"]
[BlackElo "2388"]
[Annotator "Jordi"]
[PlyCount "52"]
[EventDate "2.??.??"]
[WhiteTeam "Marseille Echecs"]
[BlackTeam "Drancy"]

1. e4 c5 2. Nf3 e6 3. c3 d5 4. e5 d4 5. Bd3 Bd7 6. Be4 Bc6 7. d3 Ne7 8. O-O
Bxe4 9. dxe4 Nec6 10. Qb3 Qc7 11. Na3 a6 12. cxd4 Nxd4 13. Nxd4 cxd4 14. Bf4
Bxa3 15. Qxa3 Qe7 16. Qg3 Qf8 17. Bd2 Nc6 18. b4 f6 19. Rac1 Qe7 20. exf6 Qxf6
21. a4 O-O 22. b5 axb5 23. axb5 Nd8 24. Bb4 Re8 25. e5 Qf5 26. Bd2 Nf7 {Partie
Illisible} 1-0

[Event "Top16 Mulhouse2"]
[Site "Mulhouse"]
[Date "2009.05.02"]
[Round "6.7"]
[White "Giffard, Nicolas"]
[Black "Marzolo, Cyril"]
[Result "1/2-1/2"]
[WhiteElo "2377"]
[BlackElo "2476"]
[PlyCount "52"]
[EventDate "2.??.??"]
[WhiteTeam "Drancy"]
[BlackTeam "Marseille Echecs"]

1. d4 Nf6 2. c4 c5 3. d5 b5 4. cxb5 a6 5. b6 a5 6. g3 d6 7. Bg2 Nbd7 8. h4 g6
9. Nh3 Bg7 10. Nf4 O-O 11. h5 Qxb6 12. hxg6 hxg6 13. Nc3 Ne5 14. Kf1 Bd7 15.
Nd3 Neg4 16. Qe1 a4 17. a3 Rab8 18. f3 c4 19. Nb4 Ne3+ 20. Bxe3 Qxe3 21. Rd1
Qb6 22. Rh4 Rfc8 23. Bh3 Qb7 24. Bxd7 Qxd7 25. Qd2 Ra8 26. Kg2 Rc5 1/2-1/2

[Event "Top16 Mulhouse2"]
[Site "Mulhouse"]
[Date "2009.05.02"]
[Round "6.8"]
[White "Delorme, Laurie"]
[Black "Lefevre, Margaux"]
[Result "1/2-1/2"]
[WhiteElo "2177"]
[BlackElo "2021"]
[PlyCount "75"]
[EventDate "2.??.??"]
[WhiteTeam "Marseille Echecs"]
[BlackTeam "Drancy"]

1. d4 Nf6 2. c4 c5 3. d5 b5 4. Nd2 bxc4 5. e4 d6 6. Bxc4 g6 7. b3 Bg7 8. Bb2
O-O 9. Ngf3 Na6 10. O-O Nc7 11. Qc2 Nfe8 12. Rad1 Bxb2 13. Qxb2 e6 14. dxe6
fxe6 15. Rfe1 Ng7 16. Qc3 d5 17. exd5 exd5 18. Bf1 Nge6 19. Ne4 Qe7 20. Neg5
Qd6 21. Nxe6 Nxe6 22. Qe5 Qxe5 23. Rxe5 Nf4 24. g3 Bg4 25. gxf4 Bxf3 26. Be2
Bxe2 27. Rxe2 d4 28. Re5 Rac8 29. Rc1 Rxf4 30. Rcxc5 Rcf8 31. Re2 d3 32. Rd2
Rd8 33. Rc3 Rfd4 34. f3 Kf7 35. Kf2 R4d7 36. Ke3 Re7+ 37. Kf2 Red7 38. Ke3
1/2-1/2

[Event "Top16 Mulhouse2"]
[Site "Mulhouse"]
[Date "2009.05.02"]
[Round "6.1"]
[White "Landenbergue, Claude"]
[Black "David, Alberto"]
[Result "1/2-1/2"]
[WhiteElo "2410"]
[BlackElo "2587"]
[PlyCount "112"]
[EventDate "2.??.??"]
[WhiteTeam "Bois-Colombes"]
[BlackTeam "Lutèce Echecs"]

1. e4 c6 2. d4 d5 3. Nd2 dxe4 4. Nxe4 Bf5 5. Ng3 Bg6 6. Nf3 Nd7 7. Bd3 Bxd3 8.
Qxd3 Ngf6 9. O-O e6 10. c4 Be7 11. b3 O-O 12. Bb2 a5 13. Qc2 a4 14. Bc3 axb3
15. axb3 Qb6 16. Ra2 Rxa2 17. Qxa2 Bb4 18. Qd2 Bxc3 19. Qxc3 Ra8 20. Ne5 Ra3
21. Rb1 Qa5 22. Qxa5 Rxa5 23. Nxd7 Nxd7 24. Kf1 Kf8 25. Ne4 Ra2 26. Rd1 Ke7 27.
d5 exd5 28. cxd5 cxd5 29. Rxd5 Rc2 30. h3 Rc6 31. Rd3 Nc5 32. Nxc5 Rxc5 33. Rd4
Rb5 34. Rd3 Ke6 35. Ke2 Re5+ 36. Kf1 Re4 37. f3 Re5 38. Kf2 Rd5 39. Re3+ Kd6
40. g4 Rd2+ 41. Kg3 b5 42. Re4 Rd3 43. b4 g5 44. Re8 Rd4 45. Rh8 Rxb4 46. Rxh7
Ke6 47. h4 gxh4+ 48. Rxh4 Rb1 49. Kf2 Rb4 50. Kg3 Rb1 51. Kf4 Rb4+ 52. Kg3 Rb1
53. Kf4 Rb4+ 54. Kg3 Rb1 55. Kf4 Rb4+ 56. Kg3 Rb1 1/2-1/2

[Event "Top16 Mulhouse2"]
[Site "Mulhouse"]
[Date "2009.05.02"]
[Round "6.2"]
[White "Shirazi, Kamran"]
[Black "Kozakov, Mikhail"]
[Result "1/2-1/2"]
[WhiteElo "2404"]
[BlackElo "2457"]
[PlyCount "49"]
[EventDate "2.??.??"]
[WhiteTeam "Lutèce Echecs"]
[BlackTeam "Bois-Colombes"]

1. e4 e5 2. Nc3 Nf6 3. f4 d5 4. exd5 Nxd5 5. fxe5 Qh4+ 6. g3 Nxc3 7. gxh4 Nxd1
8. Kxd1 Nc6 9. Nf3 Bg4 10. Be2 O-O-O 11. Re1 Be7 12. Ng5 Bxe2+ 13. Rxe2 Bxg5
14. hxg5 Rhe8 15. b3 Rxe5 16. Rxe5 Nxe5 17. Ke2 Re8 18. Kf2 f6 19. gxf6 Ng4+
20. Kf3 Nxf6 21. Bb2 g6 22. Bd4 Ne4 23. Be3 Nd6 24. Rg1 Rf8+ 25. Ke2 1/2-1/2

[Event "Top16 Mulhouse2"]
[Site "Mulhouse"]
[Date "2009.05.02"]
[Round "6.3"]
[White "Guichard, Pauline"]
[Black "San Emeterio Cabanes, Jose L"]
[Result "0-1"]
[WhiteElo "2257"]
[BlackElo "2392"]
[PlyCount "88"]
[EventDate "2.??.??"]
[WhiteTeam "Bois-Colombes"]
[BlackTeam "Lutèce Echecs"]

1. d4 Nf6 2. c4 g6 3. Nc3 Bg7 4. e4 d6 5. Be2 O-O 6. Nf3 e5 7. O-O Nc6 8. d5
Ne7 9. Ne1 Nd7 10. Be3 f5 11. f3 f4 12. Bf2 g5 13. Rc1 Ng6 14. c5 Nxc5 15. b4
Na6 16. Nb5 Bd7 17. a4 Qb8 18. Qb3 Kh8 19. Na3 h5 20. Bb5 Qd8 21. Bxd7 Qxd7 22.
Nd3 g4 23. b5 Nb8 24. Be1 Bf6 25. Qc2 Rf7 26. Qe2 Rg7 27. Kh1 Nh4 28. Rg1 Qd8
29. Bxh4 Bxh4 30. g3 fxg3 31. hxg3 Bg5 32. f4 exf4 33. Nxf4 Bxf4 34. gxf4 Nd7
35. Kg2 h4 36. Nc2 h3+ 37. Kh1 Qh4 38. Ne3 g3 39. Qf3 Rf8 40. Nf5 Rxf5 41. exf5
Nf6 42. Rc3 g2+ 43. Kh2 Ng4+ 44. Qxg4 Qxg4 0-1